000 00919nam0a22002291i 4500
001 rc\3301472
005 20240723231358.0
021 _aRU
_b[70-9187а]
035 _a(NLR Aleph) 007409096
090 _a6795884
_c6795884
100 _a20130115d1970 |||y0rusy50 ca
101 0 _arus
102 _aRU
105 _ay d |||||
200 1 _aПроблема регуляции численности лося у южной границы его ареола
_e(На примере Сарат. обл.)
_eАвтореф. дис. на соискание учен. степени канд. биол. наук
_e(03.097)
_fСарат. гос. ун-т им. Н.Г Чернышевского
210 _aСаратов
_d1970
215 _a27 с.
700 1 _aДевишев
_bР.А.
_f1913-
_gРустем Абдулович
801 0 _aRU
_bNLR
_gpsbo
801 1 _aRU
_bELAR
_2rusmarc
852 _aNLR
_j70-4/13899
942 _cBOOK